000 00214 a2200097 4500
001 18957
100 _aLoney S L
245 _aElements of statics & Dynamics
260 _a
_bCambridge
_c1927
090 _c14045
_d14045
942 _aNUST-CAE
_cM
_c4498
999 _c254030
_d254030